| 000 | 00709nam a2200193 i 4500 | ||
|---|---|---|---|
| 001 | 46012 | ||
| 003 | ES-MaACL | ||
| 005 | 20230906161321.0 | ||
| 007 | t| | ||
| 008 | 030327s1957 fr ||||1| fre d | ||
| 111 | 2 |
_aConférence Internationale de l'Instruction Publique ( _n20ª. _d1957. _cGinebra) _9159 |
|
| 245 | 1 | 0 | _aXXe Conférence Internationale de l'Instruction Publique, 1957. |
| 260 |
_aParis : _bUNESCO ; _aGenève : _bBureau International d'Education, _c1957. |
||
| 300 | _a174 p. | ||
| 490 | 1 |
_aPublications du Bureau International d'Education ; _v187 |
|
| 830 | 0 |
_aPublications du Bureau International d'Education ; _v187 _9181740 |
|
| 852 |
_aES-MaACL _jC-15341 _bR.42983 |
||
| 999 |
_c46012 _d46012 |
||